| 000 | 00813cam a2200241 a 4500 | ||
|---|---|---|---|
| 001 | 32509 | ||
| 003 | BD-RjUL | ||
| 005 | 20211209051840.0 | ||
| 008 | 140427s1990 ii b 001 0 eng | ||
| 035 | _a(BD-RjUL)32598 | ||
| 040 |
_aDLC _cDLC _dDLC _dBD-RjUL _beng |
||
| 041 | 0 | _aengaraper | |
| 082 | 0 | 0 |
_a297.65 _220 _bGHC 1990 |
| 100 | 2 |
_aGholam Rasool, Md. _998908 |
|
| 245 | 1 | 0 |
_aChishti-Nizami sufi order of Bengal : _btill mid 15th century and its socio-religious contribution / _cMd. Gholam Rasool. |
| 260 |
_aDelhi, India : _bIdarah-i Adabiyat-i Delli, _c1990. |
||
| 300 |
_axiii, 192 p. ; _c23 cm. |
||
| 650 | 0 |
_aChishtīyah _zIndia _zBengal _xHistory. _998910 |
|
| 942 |
_2ddc _cBK |
||
| 999 |
_c32509 _d32509 |
||